000 01418nam a2200289Ia 4500
003 PE SENCICO BE
005 20251020182427.0
008 200515s9999 xx 000 0 und d
020 _a978-84-291-5172-5
040 _aPE SENCICO BE
_cPE SENCICO BE
082 _a518
_bC26
100 1 _91285
_aCárdenas Morales, Daniel
_eautor
245 1 0 _aAnálisis numérico :
_bprimeros pasos /
_cDaniel Cárdenas Morales, Samuel Gómez Moreno, Francisco Jiménez Sánchez, Francisco Tomás Sánchez Cobo
250 _a[1a ed.]
260 _aBarcelona :
_bReverté,
_c2014
300 _aviii, 326 p. :
_bdiagrs. ;
_c24 cm.
504 _aBibliografía: p. 315-318.
520 _aEsta obra pretende ser una introducción al análisis numérico; disciplina que se ocupa del diseño y estudio de procedimientos de resolución aproximada de problemas de matemáticas con la ayuda del ordenador. Esta dirigida a estudiantes de grado en ciencias experimentales, en ingeniería o en alguna carrera técnica, donde las matemáticas actuales no se pueden concebir sin la capa que le otorga a la disciplina.
650 1 4 _aAnálisis numérico
_91286
650 2 4 _aMétodos numéricos
_9577
650 2 4 _aEcuaciones
_9578
700 1 _91287
_aGómez Moreno, Samuel
_eautor
700 1 _91288
_aJiménez Sánchez, Francisco
_eautor
700 1 _91289
_aSánchez Cobo, Francisco Tomás
_eautor
942 _cLIB
_2ddc
999 _c124
_d124